| 000 | 02168nam a22003251 4500 | ||
|---|---|---|---|
| 005 | 20100419112431.0 | ||
| 008 | 781018s1928 nyucf 000 0 eng | ||
| 010 | _aB-365370-376 | ||
| 020 |
_a8189537342 _c895.00 |
||
| 020 |
_a9788189537340 _c895.00 |
||
| 035 | _aB-365370-376 | ||
| 037 | _bPUB | ||
| 040 |
_adpl _bEnglish |
||
| 082 | _a821 | ||
| 100 | _aThakur, Madhusudan | ||
| 245 |
_aThe Vinaya Patrika: _cby Murari Madhusudhan Thakur _ban english rendering / |
||
| 260 |
_aDelhi _bYash Publications _c2009 |
||
| 270 |
_aX/909, Chand Mohalla, Gandhi Nagar, _bDelhi _e110031 |
||
| 300 |
_a320p. _c23cm(Hb) |
||
| 650 |
_aHindi poetry _xTranslation into English _y16th century |
||
| 942 |
_2ddc _cEN _mTHA _h821 |
||
| 999 |
_c35325 _d35325 |
||